Убитые знаменитости - Армагеддон - Statistics

General Stats
  • This quiz has been taken 50 times
  • The average score is 8 of 15
Answers on the Grid
Answers color-coded by a green-red scale on the quiz's grid according to % correct below.
Борис Немцов
Лев Троцкий
Борис Пастернак
Авраам Линкольн
Харви Милк
Джанни Версаче
Нельсон Мандела
Говард Хьюз
Тупак Шакур
Борис Ельцин
Игорь Тальков
Джон Кеннеди
Элвис Пресли
Муаммар Каддафи
Александр I
Егор Летов
Пабло Пикассо
Наталья Эстемирова
Фридрих Ницше
Эрнесто "Че" Гевара
Влад Листьев
Анна Политковская
Ирина Славина
Винсент ван Гог
Джохар Дудаев
Мао Цзэдун
Стив Джобс
Александр II
Фидель Кастро
Александр III
 
Answer Stats
Answer % Correct
Борис Немцов
78%
Тупак Шакур
75%
Джон Кеннеди
75%
Лев Троцкий
69%
Авраам Линкольн
56%
Игорь Тальков
53%
Муаммар Каддафи
53%
Анна Политковская
47%
Эрнесто "Че" Гевара
44%
Влад Листьев
44%
Джохар Дудаев
44%
Александр II
44%
Джанни Версаче
38%
Наталья Эстемирова
19%
Харви Милк
13%
No matching quizzes found
Score Distribution
Percent of People with Each Score
Percentile by Number Answered
Your Score History
You have not taken this quiz